[Event "Commonwealth-ch RSA op"]
[Site "Gauteng"]
[Date "2011.06.30"]
[Round "8"]
[White "Van Rensburg, Ryan Pierre"]
[Black "Feng, Thomas"]
[Result "1-0"]
[WhiteElo "2097"]
[BlackElo "1853"]
[PlyCount "81"]
[EventDate "2011.06.25"]
[EventType "swiss"]
[EventRounds "11"]
[EventCountry "RSA"]
[SourceTitle "CBM 143 Extra"]
[Source "ChessBase"]
[SourceDate "2011.08.29"]
[SourceVersion "1"]
[SourceVersionDate "2011.08.29"]
[SourceQuality "1"]

1. d4 Nf6 2. c4 e6 3. Nc3 c5 4. d5 exd5 5. cxd5 d6 6. Nf3 g6 7. Nd2 Bg7 8. Nc4 Nh5 9. e4 0-0 10. Be2 Nf6 11. Bf4 Ne8 12. Qd2 a6 13. a4 Qc7 14. a5 Nd7 15. Na4 Ne5 16. Bxe5 dxe5 17. d6 Qd8 18. Ncb6 Nf6 19. Nxc5 Bd7 20. Nxa8 Qxa8 21. Qb4 Bc6 22. 0-0 Rd8 23. Rfd1 Bf8 24. Rd2 Rxd6 25. Rxd6 Bxd6 26. Qc3 Qa7 27. Rc1 Bxe4 28. Bf3 Nd5 29. Qc4 Bxf3 30. gxf3 Nf4 31. Ne4 Be7 32. Rd1 Bh4 33. Rd7 Ne6 34. Qc8+ Kg7 35. Qe8 Ng5 36. Qxe5+ Kh6 37. Qf4 Kg7 38. Kg2 Nxe4 39. fxe4 Qc5 40. Qxf7+ Kh8 41. Qxh7# 1-0

[Event "Melbourne Cup"]
[Site "Melbourne"]
[Date "2010.11.02"]
[Round "8"]
[White "Feng, Thomas"]
[Black "Kolak, Chris"]
[Result "0-1"]
[WhiteElo "1711"]
[BlackElo "2013"]
[PlyCount "186"]
[EventDate "2010.10.29"]
[EventType "swiss"]
[EventRounds "9"]
[EventCountry "AUS"]
[SourceTitle "EXT 2012"]
[Source "ChessBase"]
[SourceDate "2011.11.24"]
[SourceVersion "1"]
[SourceVersionDate "2011.11.24"]
[SourceQuality "1"]

1. d4 Nf6 2. Nf3 d6 3. c4 g6 4. Nc3 Bg7 5. e4 0-0 6. Be2 e5 7. d5 Nbd7 8. Qc2 Nh5 9. 0-0 Nf4 10. Ne1 f5 11. Bf3 Nf6 12. Nd3 Nxd3 13. Qxd3 f4 14. g3 g5 15. Bg2 h5 16. Bd2 Nh7 17. f3 a6 18. b4 Qf6 19. Rac1 Bh6 20. Ne2 Qg6 21. c5 Bd7 22. c6 bxc6 23. dxc6 Be6 24. Nc3 Nf6 25. a3 Kh8 26. b5 axb5 27. Nxb5 Qg7 28. Bb4 Rfd8 29. Qc3 g4 30. Rc2 gxf3 31. Qxf3 Ng4 32. Bd2 Rab8 33. a4 Ra8 34. a5 Rab8 35. Qd3 Nxh2 36. Kxh2 Qxg3+ 37. Qxg3 fxg3+ 38. Kxg3 Bxd2 39. Nxc7 Bf4+ 40. Kf2 Bg4 41. a6 Rb3 42. Ra1 Be3+ 43. Ke1 Rdb8 44. Rac1 Rb1 45. a7 Bxa7 46. Rxb1 Rxb1+ 47. Kd2 Bc5 48. Nd5 Bd4 49. Kd3 Rb3+ 50. Kc4 Rb8 51. c7 Rb7 52. Ra2 Kg7 53. Bf3 Be6 54. Bxh5 Rxc7+ 55. Kd3 Bxd5 56. exd5 Rc5 57. Ke4 Rc3 58. Rg2+ Kf6 59. Rg6+ Ke7 60. Re6+ Kd7 61. Kf5 Bc5 62. Be8+ Kc7 63. Bc6 Kb6 64. Re7 Ka5 65. Rb7 Rc1 66. Rb5+ Ka6 67. Rb7 Re1 68. Re7 Ka5 69. Rb7 e4 70. Rb5+ Ka6 71. Rb2 e3 72. Ke4 Rh1 73. Kd3 Rh4 74. Bb5+ Kb6 75. Bc6+ Kc7 76. Rb7+ Kc8 77. Rb2 Rd4+ 78. Ke2 Rh4 79. Kd3 Kd8 80. Rb8+ Ke7 81. Re8+ Kf6 82. Ke2 Rh2+ 83. Kf3 Rf2+ 84. Kg3 Rb2 85. Kf3 Kg5 86. Rg8+ Kf5 87. Re8 Bd4 88. Bd7+ Kg5 89. Rg8+ Kf6 90. Rg1 Rf2+ 91. Kg3 Be5+ 92. Kg4 e2 93. Kh3 Rf1 0-1

[Event "Doeberl Cup Major 48th"]
[Site "Canberra"]
[Date "2010.04.05"]
[Round "7"]
[White "Feng, Thomas"]
[Black "Cloudsdale, Colin"]
[Result "1/2-1/2"]
[WhiteElo "1680"]
[BlackElo "1923"]
[PlyCount "82"]
[EventDate "2010.04.02"]
[EventType "swiss"]
[EventRounds "7"]
[EventCountry "AUS"]
[SourceTitle "EXT 2012"]
[Source "ChessBase"]
[SourceDate "2011.11.24"]
[SourceVersion "1"]
[SourceVersionDate "2011.11.24"]
[SourceQuality "1"]

1. Nf3 c5 2. c4 Nc6 3. Nc3 d6 4. g3 g6 5. Bg2 Bg7 6. Rb1 Qa5 7. a3 Bf5 8. e4 Bxc3 9. exf5 Bg7 10. 0-0 Nh6 11. fxg6 hxg6 12. d3 0-0 13. b4 Qc7 14. Ng5 Rab8 15. h4 Nd4 16. h5 e6 17. hxg6 fxg6 18. Be4 Rf6 19. bxc5 dxc5 20. Nh3 b6 21. Bg5 Rf5 22. Kg2 Rbf8 23. Bxh6 Bxh6 24. Qg4 Kg7 25. f4 Qf7 26. a4 e5 27. Bxf5 Nxf5 28. Qe2 Qb7+ 29. Kh2 Re8 30. Qf3 e4 31. dxe4 Qxe4 32. a5 Ne3 33. Qxe4 Nxf1+ 34. Rxf1 Rxe4 35. axb6 axb6 36. Rb1 Rxc4 37. Rxb6 Rc2+ 38. Kg1 Kf7 39. Nf2 Bf8 40. Ng4 Bg7 41. Rb7+ Kf8 1/2-1/2

[Event "Doeberl Cup Major 48th"]
[Site "Canberra"]
[Date "2010.04.03"]
[Round "4"]
[White "Feng, Thomas"]
[Black "Bliznyuk, Andrey"]
[Result "0-1"]
[WhiteElo "1680"]
[BlackElo "1889"]
[PlyCount "138"]
[EventDate "2010.04.02"]
[EventType "swiss"]
[EventRounds "7"]
[EventCountry "AUS"]
[SourceTitle "EXT 2012"]
[Source "ChessBase"]
[SourceDate "2011.11.24"]
[SourceVersion "1"]
[SourceVersionDate "2011.11.24"]
[SourceQuality "1"]

1. Nf3 Nf6 2. c4 d6 3. Nc3 e5 4. d3 c6 5. g3 Be7 6. Bg2 h6 7. e4 Be6 8. Rb1 Nbd7 9. 0-0 0-0 10. Qe2 Qc7 11. b4 Rfe8 12. a4 d5 13. exd5 cxd5 14. Nb5 Qb8 15. Re1 a6 16. Nc3 dxc4 17. dxc4 Qc8 18. Nd2 Rb8 19. Ba3 Bg4 20. Bf3 Bf5 21. Nce4 a5 22. Nxf6+ Nxf6 23. Ne4 Qd7 24. Nxf6+ Bxf6 25. Be4 Bxe4 26. Qxe4 Qxa4 27. Bb2 axb4 28. Qd5 Qc6 29. Qb5 Qxb5 30. cxb5 Rbc8 31. Re4 Bd8 32. Rxe5 Rxe5 33. Bxe5 Rc5 34. Bd6 Rxb5 35. Rxb4 Rxb4 36. Bxb4 f5 37. Kf1 Kf7 38. Ke2 Ke6 39. Kd3 Kd5 40. f3 Bc7 41. Bf8 Be5 42. Bb4 h5 43. Be7 g6 44. Bb4 h4 45. gxh4 Bxh2 46. Be7 Bg3 47. Kc3 Be1+ 48. Kd3 b5 49. Ke3 b4 50. Ke2 b3 51. Kd3 Ke5 52. Bg5 Ba5 53. Bc1 Kd5 54. Ba3 Be1 55. Be7 b2 56. Kc2 Bc3 57. Bg5 Kc4 58. Be7 Bd4 59. Ba3 Bf6 60. Bf8 Bxh4 61. Bg7 b1Q+ 62. Kxb1 Kd3 63. Bh6 Ke2 64. f4 Ke3 65. Kc1 Bg3 66. Kd1 Bxf4 67. Bf8 Bg3 68. Be7 Kf2 69. Bc5+ Kg2 0-1

[Event "Doeberl Cup Major 47th"]
[Site "Canberra"]
[Date "2009.04.12"]
[Round "5"]
[White "Feng, Thomas"]
[Black "Wilson, Peter John"]
[Result "1-0"]
[WhiteElo "1472"]
[BlackElo "1715"]
[PlyCount "77"]
[EventDate "2009.04.10"]
[EventType "swiss"]
[EventRounds "6"]
[EventCountry "AUS"]
[SourceTitle "CBM 129 Extra"]
[Source "ChessBase"]
[SourceDate "2009.05.05"]
[SourceVersion "2"]
[SourceVersionDate "2009.05.20"]
[SourceQuality "1"]

1. d4 Nf6 2. Nf3 b6 3. g3 Bb7 4. Bg2 e6 5. c4 Be7 6. Nc3 0-0 7. 0-0 d6 8. Qc2 Nbd7 9. e4 c5 10. d5 e5 11. Ne1 Re8 12. Nd3 a6 13. a3 Bc8 14. b4 Nf8 15. f4 exf4 16. Bxf4 Ng6 17. bxc5 bxc5 18. e5 Nxf4 19. Rxf4 dxe5 20. Nxe5 Bd6 21. Nc6 Bxf4 22. Nxd8 Be3+ 23. Kh1 Rxd8 24. Re1 Bh6 25. Ne4 Nxe4 26. Bxe4 g6 27. Qf2 Bf8 28. d6 Rb8 29. Bd5 Rd7 30. Rf1 Bb7 31. Bxb7 Rbxb7 32. Qxc5 Bxd6 33. Qa5 Rdc7 34. Qxa6 Bc5 35. a4 Rb6 36. Qa8+ Kg7 37. Qd5 f6 38. Re1 Rbc6 39. Re6 1-0

[Event "Doeberl Cup Major 47th"]
[Site "Canberra"]
[Date "2009.04.12"]
[Round "6"]
[White "Russell, Luthien"]
[Black "Feng, Thomas"]
[Result "0-1"]
[WhiteElo "1652"]
[BlackElo "1472"]
[PlyCount "58"]
[EventDate "2009.04.10"]
[EventType "swiss"]
[EventRounds "6"]
[EventCountry "AUS"]
[SourceTitle "CBM 129 Extra"]
[Source "ChessBase"]
[SourceDate "2009.05.05"]
[SourceVersion "2"]
[SourceVersionDate "2009.05.20"]
[SourceQuality "1"]

1. e4 e6 2. d4 d5 3. Nc3 Bb4 4. Nge2 c5 5. a3 Bxc3+ 6. Nxc3 Nf6 7. Bg5 dxe4 8. Nxe4 cxd4 9. Nxf6+ gxf6 10. Bd2 e5 11. Qf3 Nc6 12. Bh6 Rg8 13. h3 f5 14. Bb5 Qf6 15. Bd2 Bd7 16. c3 e4 17. Qe2 a6 18. Bxc6 Bxc6 19. cxd4 Qxd4 20. Bc3 Qd3 21. Qh5 e3 22. Qe2 Qxe2+ 23. Kxe2 exf2 24. Kxf2 Rxg2+ 25. Ke3 0-0-0 26. Rhf1 Be4 27. h4 Rd3+ 28. Kf4 Rg4+ 29. Ke5 Rd5+ 0-1

[Event "AUS-ch U18"]
[Site "Adelaide"]
[Date "2009.01.04"]
[Round "4"]
[White "Jule, Sebastian"]
[Black "Feng, Thomas"]
[Result "1-0"]
[WhiteElo "1728"]
[BlackElo "1507"]
[PlyCount "49"]
[EventDate "2009.01.02"]
[EventType "swiss"]
[EventRounds "11"]
[EventCountry "AUS"]
[SourceTitle "CBM 128 Extra"]
[Source "ChessBase"]
[SourceDate "2009.03.05"]
[SourceVersion "2"]
[SourceVersionDate "2009.03.25"]
[SourceQuality "1"]

1. d4 Nf6 2. c4 g6 3. Nc3 Bg7 4. e4 d6 5. f4 0-0 6. Nf3 c5 7. dxc5 dxc5 8. Qxd8 Rxd8 9. e5 Ne8 10. Be3 b6 11. Be2 Bb7 12. 0-0 Nc6 13. Ng5 h6 14. Nf3 Nc7 15. Rad1 Ne6 16. Nd5 Rd7 17. Nf6+ exf6 18. Rxd7 Bc8 19. Rd6 Ne7 20. Bd3 Rb8 21. g4 fxe5 22. f5 Nd4 23. f6 Bxg4 24. fxe7 Nxf3+ 25. Rxf3 1-0

[Event "Wch U14"]
[Site "Vung Tau"]
[Date "2008.10.21"]
[Round "2"]
[White "Kantans, Toms"]
[Black "Feng, Thomas"]
[Result "1-0"]
[WhiteElo "2146"]
[BlackElo "1610"]
[PlyCount "51"]
[EventDate "2008.10.20"]
[EventType "swiss"]
[EventRounds "11"]
[EventCountry "VIE"]
[SourceTitle "EXT 2009"]
[Source "ChessBase"]
[SourceDate "2008.11.26"]
[SourceVersion "1"]
[SourceVersionDate "2008.11.26"]
[SourceQuality "1"]

1. Nf3 d5 2. c4 d4 3. g3 c5 4. Bg2 Nc6 5. d3 g6 6. 0-0 Bg7 7. Nbd2 Qc7 8. a3 e5 9. Rb1 f5 10. b4 Nge7 11. bxc5 0-0 12. Nb3 Bd7 13. e3 a5 14. exd4 Nxd4 15. Bb2 a4 16. Nbxd4 exd4 17. Bxd4 Bxd4 18. Nxd4 Qxc5 19. Nc2 Bc6 20. Bxc6 Nxc6 21. Rxb7 Ne5 22. Rb5 Qd6 23. Rd5 Qc7 24. Nd4 Rfe8 25. Re1 Qe7 26. Rdxe5 1-0

[Event "AUS-ch U12"]
[Site "Canberra"]
[Date "2007.01.19"]
[Round "5"]
[White "Chitturi, Sathya"]
[Black "Feng, Thomas"]
[Result "0-1"]
[WhiteElo "638"]
[BlackElo "1226"]
[PlyCount "52"]
[EventDate "2007.01.14"]
[EventType "swiss"]
[EventRounds "11"]
[EventCountry "AUS"]
[SourceTitle "EXT 2008"]
[Source "ChessBase"]
[SourceDate "2007.11.25"]
[SourceVersion "1"]
[SourceVersionDate "2007.11.25"]
[SourceQuality "1"]

1. e4 e6 2. e5 Nc6 3. d4 d6 4. f4 dxe5 5. dxe5 Qxd1+ 6. Kxd1 Bd7 7. Bd3 0-0-0 8. Nf3 Bc5 9. Nc3 Nb4 10. Bd2 Nxd3 11. cxd3 h6 12. d4 Bb6 13. Be3 Bc6 14. Kc2 Bxf3 15. gxf3 Bxd4 16. Bxd4 Rxd4 17. Ne2 Rd7 18. Rhg1 g6 19. Rgd1 Ne7 20. Ng3 Nd5 21. Ne2 Ne3+ 22. Kc3 Nxd1+ 23. Kc2 Rhd8 24. Ng3 Ne3+ 25. Kb3 Rd3+ 26. Kb4 Nc2+ 0-1

[Event "AUS-ch U12"]
[Site "Canberra"]
[Date "2007.01.14"]
[Round "1"]
[White "McCrow, Callum"]
[Black "Feng, Thomas"]
[Result "0-1"]
[WhiteElo "410"]
[BlackElo "1226"]
[PlyCount "32"]
[EventDate "2007.01.14"]
[EventType "swiss"]
[EventRounds "11"]
[EventCountry "AUS"]
[SourceTitle "EXT 2008"]
[Source "ChessBase"]
[SourceDate "2007.11.25"]
[SourceVersion "1"]
[SourceVersionDate "2007.11.25"]
[SourceQuality "1"]

1. d4 Nf6 2. Nc3 e6 3. e4 d5 4. Bg5 Be7 5. e5 Ne4 6. Bxe7 Qxe7 7. Nxe4 dxe4 8. Qg4 0-0 9. Qxe4 Qb4+ 10. c3 Qxb2 11. Bd3 Qxa1+ 12. Ke2 Qxa2+ 13. Ke3 g6 14. Nf3 Nc6 15. Rb1 Ne7 16. g4 Nd5+ 0-1